<?xml version="1.0" encoding="UTF-8"?>
<record
    xmlns:xsi="http://www.w3.org/2001/XMLSchema-instance"
    xsi:schemaLocation="http://www.loc.gov/MARC21/slim http://www.loc.gov/standards/marcxml/schema/MARC21slim.xsd"
    xmlns="http://www.loc.gov/MARC21/slim">

  <leader>01350nam a22003137i 4500</leader>
  <controlfield tag="003">OSt</controlfield>
  <controlfield tag="005">20251118170028.0</controlfield>
  <controlfield tag="008">251118e2022    ge|a|||grc||| 00| 0 eng d</controlfield>
  <datafield tag="020" ind1=" " ind2=" ">
    <subfield code="a">9783957635242</subfield>
  </datafield>
  <datafield tag="040" ind1=" " ind2=" ">
    <subfield code="b">spa</subfield>
    <subfield code="c">MNU</subfield>
  </datafield>
  <datafield tag="082" ind1="0" ind2="4">
    <subfield code="a">707.4</subfield>
    <subfield code="b">S444t</subfield>
  </datafield>
  <datafield tag="100" ind1=" " ind2=" ">
    <subfield code="a">Tee, Jennifer</subfield>
    <subfield code="d">1973-</subfield>
    <subfield code="e">artista</subfield>
  </datafield>
  <datafield tag="245" ind1="1" ind2="0">
    <subfield code="a">Tampan tulip : </subfield>
    <subfield code="b">seasonal work / </subfield>
    <subfield code="c">Jennifer Tee ; Secession; Cleo Tsw ; Ernst van Deursen ; Annette S&#xFC;dbeck, Sof&#xED;a Hern&#xE1;ndez Chong Cuy ; Natasha Ginwala, Sophie J. Williamson.</subfield>
  </datafield>
  <datafield tag="260" ind1=" " ind2=" ">
    <subfield code="a">Berl&#xED;n : </subfield>
    <subfield code="b">Revolver Publishing, </subfield>
    <subfield code="c">[2022]</subfield>
  </datafield>
  <datafield tag="300" ind1=" " ind2=" ">
    <subfield code="a">178 p : </subfield>
    <subfield code="b">ilustraciones a color ; </subfield>
    <subfield code="c">28 cm</subfield>
  </datafield>
  <datafield tag="500" ind1=" " ind2=" ">
    <subfield code="a">El libro fue publicado para la exhibici&#xF3;n: Still shifting, mother field por Jennifer Tee, en Secession (16 sep - 06 nov, 2022) y Kunstinstituut Melly (20 ene - 23 abr, 2023) </subfield>
  </datafield>
  <datafield tag="600" ind1="1" ind2="4">
    <subfield code="a">Tee, Jennifer,</subfield>
    <subfield code="d">1973-</subfield>
    <subfield code="t">Tampan tulip</subfield>
  </datafield>
  <datafield tag="650" ind1=" " ind2="4">
    <subfield code="a">Arte</subfield>
    <subfield code="v">exposiciones</subfield>
  </datafield>
  <datafield tag="650" ind1=" " ind2="4">
    <subfield code="a">Arte</subfield>
    <subfield code="v">cat&#xE1;logos</subfield>
  </datafield>
  <datafield tag="650" ind1=" " ind2="4">
    <subfield code="a">Pintura</subfield>
    <subfield code="v">exposiciones</subfield>
  </datafield>
  <datafield tag="700" ind1="1" ind2=" ">
    <subfield code="a">S&#xFC;dbeck, Annette </subfield>
    <subfield code="e">autora de prefacio</subfield>
  </datafield>
  <datafield tag="700" ind1="1" ind2=" ">
    <subfield code="a">Hern&#xE1;ndez Chong Cuy, Sof&#xED;a </subfield>
    <subfield code="e">autora de prefacio</subfield>
  </datafield>
  <datafield tag="700" ind1="1" ind2=" ">
    <subfield code="a">Deursen, Ernst van </subfield>
    <subfield code="e">fot&#xF3;grafo</subfield>
  </datafield>
  <datafield tag="700" ind1="1" ind2=" ">
    <subfield code="a">Tsw, Cleo </subfield>
    <subfield code="e">dise&#xF1;adora</subfield>
  </datafield>
  <datafield tag="700" ind1="1" ind2=" ">
    <subfield code="a">Ginwala, Natasha </subfield>
    <subfield code="e">autora</subfield>
  </datafield>
  <datafield tag="700" ind1="1" ind2=" ">
    <subfield code="a">Williamson, Sophie J. </subfield>
    <subfield code="e">autora</subfield>
  </datafield>
  <datafield tag="710" ind1="2" ind2=" ">
    <subfield code="a">Secession</subfield>
    <subfield code="e">&#xF3;rgano editor</subfield>
  </datafield>
  <datafield tag="942" ind1=" " ind2=" ">
    <subfield code="2">ddc</subfield>
    <subfield code="c">1</subfield>
    <subfield code="h">707.4 </subfield>
    <subfield code="i">S444t</subfield>
    <subfield code="n">0</subfield>
  </datafield>
  <datafield tag="999" ind1=" " ind2=" ">
    <subfield code="c">4565</subfield>
    <subfield code="d">4565</subfield>
  </datafield>
  <datafield tag="952" ind1=" " ind2=" ">
    <subfield code="0">0</subfield>
    <subfield code="1">0</subfield>
    <subfield code="2">ddc</subfield>
    <subfield code="4">0</subfield>
    <subfield code="7">0</subfield>
    <subfield code="8">Libros</subfield>
    <subfield code="a">LV</subfield>
    <subfield code="b">LV</subfield>
    <subfield code="d">2025-11-18</subfield>
    <subfield code="l">0</subfield>
    <subfield code="o">707.4 S444t</subfield>
    <subfield code="p">004565</subfield>
    <subfield code="r">2025-11-18 00:00:00</subfield>
    <subfield code="w">2025-11-18</subfield>
    <subfield code="y">1</subfield>
  </datafield>
</record>
